| 000 | nam a22 a 4500 | ||
|---|---|---|---|
| 999 |
_c780 _d780 |
||
| 003 | AKMAL | ||
| 005 | 20170505105758.0 | ||
| 008 | 170505s1989 my a00 may d | ||
| 020 | _a9836209212 | ||
| 039 | 9 |
_a200810301714 _bpmmalaysiana |
|
| 040 |
_aAKMAL _cAKMAL |
||
| 041 | 1 |
_amay _heng |
|
| 049 | _amal | ||
| 082 | 0 | 4 | _a291 MUH |
| 090 |
_a291 _bMUH |
||
| 100 | 1 |
_aA'zami, Muhammad Mustafa _91688 |
|
| 245 | 1 |
_aKajian metodologi dan penulisan hadith / _cMuhammad Mustafa Azami ; penterjemah Engku Ibrahim Engku Ismail |
|
| 260 |
_aKuala Lumpur : _bDewan Bahasa dan Pustaka, _c1989 |
||
| 300 |
_axiii, 173ms. ; _c22cm |
||
| 500 | _aTerjemahan dari: Studies in hadith methodology and literature. American Trust Publications, 1977 | ||
| 504 | _aBibliografi: 171-173 | ||
| 505 | 0 | _aMengandungi ayat-ayat dari Quran | |
| 650 |
_aHadith _9818 |
||
| 650 |
_aHadith _xAuthorities _91689 |
||
| 700 |
_aEngku Ibrahim Engku Ismail _91690 |
||
| 942 |
_2ddc _cBOOK |
||